01032nam a2200289 a 450000100100000000500170001000800410002702000150006804000250008304100380010808200170014610000410016324000240020424500700022826000440029830000210034249000320036350000380039553400330043365000250046665000280049170000360051983000400055504900090059595201210060499900170072500002454320200930023229.0110131s2003 sp r 000 f spa d a8489669724 aDO-SdBNPbspacBNPHU17aenghspa2Código de idioma MARC a813.5bD965j1 aDurrell, Lawrence,d1912-199095030110aJustine.lEspañol10aJustine /cLawrence Durrell ; traducción de Aurora Bernárdez. aMadrid, (España) :bEl País,c2003. a312 p. ;c21 cm.1 aClásicos del Siglo XXv10 aIncluye notas al pie de páginas aTítulo original :tJustine 4aNovela inglesa91071 4aLiteratura inglesa94981 aBernárdez, Auroraetr.913434 0aClásicos del Siglo XX;v10939438 aBNGR 001054708MOaGRbGRcCTd2011-01-31iLF1l0o813.5 D965jp24543-10r2020-06-25w2020-06-25y4ZPréstamo en sala c24036d24036